Formula 1: Brothers - Statistics

General Stats
  • This quiz has been taken 495 times
  • The average score is 10 of 26
Answer Stats
Country Driver % Correct
Germany Michael Schumacher
96%
Germany Ralf Schumacher
96%
Canada Gilles Villeneuve
69%
South Africa Ian Scheckter
69%
Canada Jacques Villeneuve Sr.
69%
South Africa Jody Scheckter
69%
Australia David Brabham
63%
Australia Gary Brabham
63%
Mexico Pedro Rodriguez
58%
Mexico Ricardo Rodriguez
58%
Brazil Emerson Fittipaldi
57%
Brazil Wilson Fittipaldi
56%
United Kingdom Jackie Stewart
21%
United Kingdom Jimmy Stewart
21%
Germany Joachim Winkelhock
20%
Germany Manfred Winkelhock
20%
Italy Corrado Fabi
19%
Italy Teo Fabi
19%
Italy Ernesto Brambilla
8%
Italy Vittorio Brambilla
8%
United States Bobby Unser
7%
United States Jerry Unser
7%
United States Dick Rathmann
4%
United Kingdom Graham Whitehead
4%
United States Jim Rathmann
4%
United Kingdom Peter Whitehead
4%
No matching quizzes found
Score Distribution
Percent of People with Each Score
Percentile by Number Answered
Your Score History
You have not taken this quiz